000 00776nam a2200241 a 4500
001 41920
003 BD-RjUL
005 20211209053453.0
008 160721s1948 nyua b 001 0 eng d
035 _a(BD-RjUL)42038
040 _aDLC
_cYNG
_dOCL
_dBD-RjUL
_beng
041 _aeng
082 _223
_a325.4
_bKUE 1948
100 1 0 _aKulischer, Eugene M.
_9128826
245 1 0 _aEurope on the move :
_bwar and population changes, 1917-47 /
260 _aNew York :
_bColumbia Univ. Press ;
_c1948
300 _axi, 377 p. :
_bill. ;
_c24 cm.
504 _aIncludes Bibliography and index.
650 0 _aMigration, Internal
_zEurope
_9128827
650 0 _aEmigration and immigration
_9128828
651 0 _aEurope
_xPolitics and government
_y1918-1945
_9128336
942 _2ddc
_cBK
999 _c41920
_d41920